All Empire Songs - Statistics

General Stats
  • This quiz has been taken 4 times
  • The average score is 31 of 208
Answer Stats
Answer % Correct
Drip Drop
100%
Keep Your Money
100%
Snitch Bitch
100%
Starlight
100%
You're So Beautiful
100%
Big Shoes
67%
Black Girl Magic
67%
Boom Boom Boom Boom
67%
Chasing the Sky
67%
Dynasty
67%
Freedom
67%
Heavy
67%
Ibiza
67%
Keep It Movin
67%
Look But Don’t Touch
67%
Love Is a Drug
67%
Mama
67%
Miracles
67%
Shine on Me
67%
Trapped
67%
What Is Love
67%
Aces High
33%
Ain't About the Money
33%
Battle Cry
33%
Beautiful
33%
Better for You
33%
Body Speak
33%
Born To Lose
33%
Born to Love U
33%
Boss
33%
Cold Cold Man
33%
Conqueror
33%
Crown
33%
Do It
33%
Do You Remember Me
33%
Dream On with You
33%
Full Exposure
33%
Good Enough
33%
Good People
33%
Heaven
33%
Hourglass
33%
Infamous
33%
Lago Azul
33%
Like My Daddy
33%
Live in the Moment
33%
Lola
33%
Love Me
33%
Mimosa
33%
Mona Lisa
33%
Money for Nothing
33%
Need Freedom
33%
Never Let It Die
33%
Never Love Again
33%
No Apologies
33%
No Competition
33%
Powerful
33%
Runnin
33%
Shake Down
33%
Slow Burn
33%
Stuck on You
33%
Supernatural
33%
Tell the Truth
33%
The Big 20
33%
The Father the Sun
33%
Up All Night
33%
About to Go Down
0%
Adios
0%
All In
0%
All Nite
0%
All of the Above
0%
Appreciated
0%
Armani
0%
Back Ends
0%
Bad Girl
0%
Big Shoes (Remix)
0%
Black & Blue
0%
Bossy
0%
Bout 2 Blow
0%
Can't Rock With You
0%
Can't Truss 'Em
0%
Choreo
0%
Come Away With Me
0%
Crazy Crazy 4 U
0%
Daddy´s Little Girl
0%
Do It Right
0%
Don't Take Us Down
0%
Do Something With It
0%
Double Life
0%
Ear 2 tha Street
0%
Emotions
0%
Energy
0%
Even
0%
Every Single Word I Say
0%
Fabulous
0%
Feel Good
0%
Feel Love
0%
Feel So Good
0%
Filling Spaces
0%
Flip Flop
0%
For My God
0%
Get It Started
0%
Get Me Right
0%
Get No Better (2.0)
0%
Good Foot
0%
Gotta Love You
0%
Got That Work
0%
Hakeem + Blake Battle
0%
Handle the Heat
0%
Hate the Game
0%
Hemingway
0%
How Ya Luv That
0%
Hustle Hard
0%
I Don't Feel Bad
0%
I Don't Mind
0%
I Got You
0%
Ingredients
0%
Into You
0%
I Thank You
0%
It's All Love
0%
It’s Your Birthday
0%
I Wanna Love You
0%
Jay Jazz Plus One
0%
Jump
0%
Kiss Myself
0%
Last Night
0%
Lean On Me
0%
Let Me Live
0%
Let Me Rock
0%
Let's Go Crazy
0%
Light It All Up
0%
Like I Do
0%
Looking for You
0%
Look What You've Done
0%
Lost in a Crowd
0%
Love Is a Drug V2
0%
Loving You Is Easy
0%
Magician
0%
Make It Last
0%
Me & You
0%
Moment Of Silence
0%
My Own Thang
0%
My Time
0%
Need a Good Girl
0%
Never Been This Hard
0%
New New
0%
New York Raining
0%
No Doubt About It
0%
Nothing But a Number
0%
Nothing to Lose
0%
One More Minute
0%
Over Everything
0%
Paid In Cash
0%
Payroll
0%
Perfect Place
0%
Pieces
0%
Power of the Empire
0%
Rap Battle 1
0%
Rap Battle 2
0%
Rather Be Single
0%
Ready to Go
0%
Remember the Music
0%
Right Here
0%
Right There
0%
Rock the Party
0%
Routine
0%
Rumble
0%
Same Song
0%
Same Time
0%
Savage & Selfish
0%
Sexxy On Em
0%
She a Monster
0%
Shut Up
0%
So Amazing
0%
So Cold
0%
Sorry Just Don´t Cut It
0%
Special
0%
Stronger Than Me
0%
Superstar
0%
Sweat
0%
Take Me to the River
0%
Talk Less
0%
The Oath
0%
They Don't Know
0%
Thinking of You
0%
This Time
0%
Threat
0%
Thunder & Lightning
0%
Too Good
0%
Turn Around
0%
Unforgettable
0%
Wait
0%
Walk Out on Me
0%
War of the Roses
0%
We Are
0%
We Got Us
0%
We've Got Time
0%
Whatever Makes You Happy
0%
What the DJ Says
0%
What the DJ Spins
0%
When Love Finds U
0%
Where They At
0%
Why Go
0%
Why Not
0%
You Broke Love
0%
You Won't
0%
Yo Vivre
0%
No matching quizzes found
Score Distribution
Percent of People with Each Score
Percentile by Number Answered
Your Score History
You have not taken this quiz